000 00455pab a2200193 454500
008 180718b2007 xxu||||| |||| 00| 0 eng d
100 _aNair, Pradeep
245 _aMedia violence: a socio-cultural perspective
260 _c2007
300 _ap.109-15.
362 _aJan-Mar
650 _aMass media
650 _aMedia
650 _aViolence
700 _aShailendra Kumar
773 _aEastern Anthropologist
908 _aN
909 _a74128
999 _c74128
_d74128